43-> Wojkowice Park - Statystyki

Ogólne statystyki
  • Ten quiz został rozwiązany 3 razy
  • Średni wynik to 27 z 36
Statystyki odpowiedzi
Miasto Przystanek % Poprawnych
Siemianowice Śląskie Bańgów Strefa
100%
Siemianowice Śląskie Bańgów Zachodnia
100%
Czeladź Czeladź Dworzec
100%
Czeladź Czeladź Stare Miasto
100%
Będzin Grodziec Kościół
100%
Będzin Grodziec Remiza
100%
Katowice Katowice Chorzowska
100%
Katowice Katowice Plac Wolności
100%
Katowice Katowice Sokolska
100%
Siemianowice Śląskie Osiedle Tuwima Poradnia
100%
Siemianowice Śląskie Siemianowice Śląska
100%
Siemianowice Śląskie Siemianowice Strzelnica
100%
Siemianowice Śląskie Siemianowice Urząd Skarbowy
100%
Katowice Wełnowiec Gnieźnieńska
100%
Katowice Wełnowiec Plac Alfreda
100%
Wojkowice Wojkowice Łęg
100%
Wojkowice Wojkowice Park
100%
Siemianowice Śląskie Bańgów Krupanka
67%
Siemianowice Śląskie Bańgów Przychodnia
67%
Czeladź Czeladź Grodziecka
67%
Czeladź Czeladź Staszica
67%
Czeladź Czeladź Wylewy
67%
Czeladź Czeladź Zespół Szkół
67%
Będzin Grodziec Kopalnia
67%
Katowice Koszutka GIG
67%
Siemianowice Śląskie Osiedle Tuwima Grabowa
67%
Siemianowice Śląskie Osiedle Tuwima Lipowa
67%
Siemianowice Śląskie Siemianowice Plac Skargi
67%
Katowice Wełnowiec Poczta
67%
Wojkowice Wojkowice Kościół
67%
Siemianowice Śląskie Bańgów Zwycięstwa
33%
Będzin Grodziec Limanowskiego
33%
Będzin Grodziec Poczta
33%
Wojkowice Wojkowice Giełda
33%
Wojkowice Wojkowice Ośrodek Zdrowia
33%
Będzin Grodziec Południowa
0%
Nie znaleziono quizów pasujących do podanych kryteriów
Rozkład punktacji
Procent ludzi z każdym wynikiem
Percentyl według liczby udzielonych odpowiedzi
Twoja historia wyników
Nie rozwiązałeś tego quizu